[Event "Faxe Jubilaeums EMT 2014"]
[Site "Faxe"]
[Date "2014.04.23"]
[Round "4"]
[White "Wehlast, Svend Erik"]
[Black "Hansen, Borge"]
[Result "1/2-1/2"]
[WhiteElo "1586"]
[BlackElo "1490"]
[PlyCount "84"]
[EventDate "2014.??.??"]

1. d4 d5 2. Nf3 e6 3. Bf4 Nf6 4. h3 Nbd7 5. e3 c5 6. c4 Be7 7. Nc3 a6 8. cxd5
exd5 9. dxc5 Nxc5 10. a3 O-O 11. Nd4 h6 12. Be2 Bd6 13. Bxd6 Qxd6 14. O-O Be6
15. b4 Nce4 16. Rc1 Rac8 17. Nxe4 dxe4 18. Rc2 Rxc2 19. Qxc2 Rc8 20. Qd2 Qe5
21. Nxe6 Qxe6 22. Rc1 Rxc1+ 23. Qxc1 Qd7 24. Qc2 Qe7 25. Qc4 g6 26. Qd4 Ne8 27.
Qc3 Nd6 28. Qc5 Qf6 29. Bf1 Kh7 30. a4 Qe6 31. a5 Qd7 32. Qb6 Kg8 33. Qd4 Qc6
34. Qf6 Qd5 35. Qc3 Qe6 36. Qc5 Qd7 37. Qd5 Qc7 38. Qe5 Qc6 39. Qf4 Kg7 40.
Qe5+ Kh7 41. Qf6 Qd5 42. Qc3 Kg8 1/2-1/2

[Event "Faxe Jubilaeums EMT 2014"]
[Site "Faxe"]
[Date "2014.04.23"]
[Round "4"]
[White "Eckert, Svend"]
[Black "Larsen, Paul M"]
[Result "1-0"]
[WhiteElo "1579"]
[BlackElo "1468"]
[PlyCount "81"]
[EventDate "2014.??.??"]

1. c4 Nf6 2. d4 g6 3. Nc3 Bg7 4. e4 d6 5. Nf3 O-O 6. Be2 e5 7. d5 a5 8. O-O Nh5
9. g3 f5 10. Nh4 Nf4 11. Bxf4 exf4 12. exf5 g5 13. Ng2 Bxf5 14. Bd3 Bxd3 15.
Qxd3 Nd7 16. gxf4 gxf4 17. Qh3 Rf6 18. Kh1 f3 19. Ne3 Rh6 20. Qxf3 Ne5 21. Qe2
Qd7 22. f4 Ng6 23. Ne4 Rf8 24. f5 Be5 25. Ng4 Rxh2+ 26. Nxh2 Nf4 27. Rxf4 Bxf4
28. Qg4+ Kh8 29. Qxf4 Rxf5 30. Qg4 Qf7 31. Ng5 Qg6 32. Ne6 Qf6 33. Rg1 Qg6 34.
Qxg6 hxg6 35. Rxg6 Rf7 36. b3 Rf2 37. Rg2 Rf7 38. Kg1 c6 39. dxc6 bxc6 40. Ng4
Ra7 41. Nf6 1-0

[Event "Faxe Jubilaeums EMT 2014"]
[Site "Faxe"]
[Date "2014.04.23"]
[Round "4"]
[White "Andersen, Hans Poul"]
[Black "Andersen, Hans E"]
[Result "0-1"]
[WhiteElo "1270"]
[BlackElo "1517"]
[PlyCount "92"]
[EventDate "2014.??.??"]

1. e4 e5 2. Bc4 Bc5 3. Nf3 d6 4. h3 h6 5. d4 exd4 6. Nxd4 Qf6 7. Be3 Nc6 8. c3
Nge7 9. O-O Qg6 10. Qf3 O-O 11. Nd2 Ne5 12. Qg3 Nxc4 13. Qxg6 fxg6 14. Nxc4 d5
15. Nd2 g5 16. N4b3 Bd6 17. Bd4 dxe4 18. Nxe4 Nf5 19. Bc5 Bxc5 20. Nexc5 b6 21.
Ne4 Bb7 22. Nbd2 Rad8 23. Rad1 Rfe8 24. Ng3 Nh4 25. f3 Rd3 26. Rf2 Red8 27.
Ngf1 Bc6 28. Re1 Kf7 29. Re3 R3d5 30. Rfe2 R5d7 31. Nc4 Ng6 32. Ng3 Bb5 33. b3
Bxc4 34. bxc4 Rd1+ 35. Kf2 Nf4 36. Re7+ Kf8 37. Re1 Nd3+ 38. Kf1 Rxe1+ 39. Rxe1
Nxe1 40. Kxe1 Rd3 41. Ne2 Ke7 42. a3 Kd6 43. f4 gxf4 44. Nxf4 Rxc3 45. Nh5 g6
46. Nf4 g5 0-1

[Event "Faxe Jubilaeums EMT 2014"]
[Site "Faxe"]
[Date "2014.04.23"]
[Round "4"]
[White "Nielsen, Flemming"]
[Black "Refsgaard, Kaj"]
[Result "0-1"]
[WhiteElo "1420"]
[BlackElo "1469"]
[PlyCount "46"]
[EventDate "2014.??.??"]

1. Nf3 Nf6 2. Nc3 g6 3. d4 Bg7 4. e4 d6 5. Bc4 O-O 6. Qd3 Nbd7 7. b4 c5 8. a3
cxd4 9. Ne2 Ng4 10. Bb2 Nge5 11. Qb3 Nxf3+ 12. gxf3 Ne5 13. Bxd4 Nxc4 14. Bxg7
Kxg7 15. Qxc4 Kg8 16. O-O-O Be6 17. Qd4 Qc7 18. Nf4 Rfc8 19. Qb2 Qc4 20. Kb1 a5
21. Nh5 Qc3 22. Qc1 axb4 23. Qd2 Qxa3 0-1

[Event "Faxe Jubilaeums EMT 2014"]
[Site "Faxe"]
[Date "2014.04.23"]
[Round "4"]
[White "Hansen, Arne Mandrup"]
[Black "Christoffersen, Ib"]
[Result "0-1"]
[WhiteElo "1304"]
[BlackElo "1439"]
[PlyCount "74"]
[EventDate "2014.??.??"]

1. d4 d5 2. Nf3 Bg4 3. Ne5 Bf5 4. e3 Nf6 5. c4 e6 6. c5 Be7 7. Bb5+ c6 8. Be2
Ne4 9. O-O Nd7 10. Nxd7 Qxd7 11. f4 h5 12. Nd2 O-O-O 13. Nf3 f6 14. Bd2 g5 15.
Ba5 Rdg8 16. fxg5 fxg5 17. Ne5 Qe8 18. Rxf5 exf5 19. Bf3 Bxc5 20. Bxe4 fxe4 21.
Rc1 Bb6 22. Bxb6 axb6 23. Qa4 Kc7 24. Qb5 Qe6 25. Qb3 Rf8 26. a4 Qf6 27. Qc2
Rh6 28. b4 Qe7 29. Qc3 Rff6 30. Qb3 Kb8 31. a5 b5 32. Qa3 Ka7 33. Ra1 Ka6 34.
Rc1 Rf8 35. Rc5 Qf6 36. h3 Qf1+ 37. Kh2 Rf2 0-1

[Event "Faxe Jubilaeums EMT 2014"]
[Site "Faxe"]
[Date "2014.04.23"]
[Round "4"]
[White "Eriksen, Knud Ejler"]
[Black "Skotte, Niels Peder"]
[Result "1-0"]
[WhiteElo "1067"]
[BlackElo "1346"]
[PlyCount "93"]
[EventDate "2014.??.??"]

1. e4 d6 2. Nc3 c6 3. Bc4 e5 4. d3 Nf6 5. Nf3 h6 6. h3 Be7 7. O-O Nbd7 8. a3
Nb6 9. Ba2 Bd7 10. Ne2 Qc7 11. c4 c5 12. Nc3 a6 13. b3 g5 14. b4 g4 15. hxg4
Bxg4 16. b5 a5 17. Re1 Rg8 18. Re3 Nh5 19. Re1 Rg6 20. Bb3 O-O-O 21. Qe2 Rdg8
22. Bd1 Qd7 23. Qc2 Bxf3 24. Bxf3 Qh3 25. Kf1 Qh2 26. Qd1 Bh4 27. Ke2 Nf4+ 28.
Bxf4 Qxf4 29. Rg1 Rf6 30. Kf1 Bg5 31. Ra2 h5 32. Ne2 Qh2 33. Ng3 Bf4 34. Rh1
Bxg3 35. Rxh2 Bxh2 36. Bxh5 Rh8 37. Bg4+ Kc7 38. Ke2 Na4 39. Qxa4 b6 40. Qd1
Rfh6 41. Qd2 Bf4 42. Qb2 f6 43. g3 Bg5 44. Ra1 Rh2 45. Bf3 Rxf2+ 46. Kxf2 Rh2+
47. Bg2 1-0

[Event "Faxe Jubilaeums EMT 2014"]
[Site "Faxe"]
[Date "2014.04.23"]
[Round "4"]
[White "Adrian, Michael"]
[Black "Jakobsen, Henning"]
[Result "1-0"]
[WhiteElo "1323"]
[BlackElo "1235"]
[PlyCount "97"]
[EventDate "2014.??.??"]

1. d4 Nf6 2. e3 d6 3. f4 g6 4. Nf3 Bg4 5. Be2 Bg7 6. Nbd2 Nbd7 7. c3 O-O 8. O-O
c5 9. b3 Nd5 10. Ne4 h6 11. dxc5 Nxc3 12. Nxc3 Bxc3 13. Rb1 Nxc5 14. Bb2 Ne4
15. Qc2 Bxf3 16. Bxf3 Nd2 17. Qxc3 Nxf3+ 18. Rxf3 f6 19. Rg3 Kh7 20. Qd3 Rg8
21. Qd5 Qd7 22. Rc1 Rac8 23. Rxc8 Qxc8 24. Qd3 Qf5 25. Qxf5 gxf5 26. Rxg8 Kxg8
27. Kf2 Kg7 28. h3 h5 29. g3 Kg6 30. a4 a6 31. Ke2 e5 32. h4 e4 33. Kd2 Kf7 34.
Kc3 Ke6 35. Kd4 b6 36. Bc3 d5 37. Bb4 a5 38. Ba3 Kd7 39. Kxd5 Kc7 40. Bb2 Kd7
41. Bxf6 Kc7 42. Be5+ Kd7 43. Bd6 Kc8 44. Kc6 Kd8 45. Kxb6 Kd7 46. Be5 Ke6 47.
Kxa5 Kd7 48. Kb5 Ke6 49. a5 1-0

[Event "Faxe Jubilaeums EMT 2014"]
[Site "Faxe"]
[Date "2014.04.30"]
[Round "5"]
[White "Pedersen, Hans Dahl"]
[Black "Jensen, Leif"]
[Result "1-0"]
[WhiteElo "2158"]
[BlackElo "1978"]
[PlyCount "103"]
[EventDate "2014.??.??"]

1. c4 e5 2. g3 g6 3. Nc3 f5 4. d3 Bg7 5. Bg2 c6 6. e4 d6 7. Nge2 Nf6 8. O-O O-O
9. exf5 Bxf5 10. d4 Nbd7 11. h3 Be6 12. d5 cxd5 13. cxd5 Bf7 14. g4 Nb6 15. Bg5
Qd7 16. Rc1 h6 17. Bxf6 Bxf6 18. Ne4 Bg7 19. N2c3 Rac8 20. b3 Rc7 21. Qd2 Rfc8
22. Rcd1 g5 23. a4 a6 24. a5 Na8 25. Qe3 Bg6 26. Rc1 Rd8 27. Rfd1 Rcc8 28. Bf1
Rf8 29. Bd3 Rf4 30. Ne2 Rff8 31. N4g3 Bxd3 32. Qxd3 Nc7 33. Nc3 Rf4 34. Nce4
Nb5 35. Nf5 Rf8 36. Rc4 R8xf5 37. gxf5 Qxf5 38. Ng3 Qxh3 39. Rxf4 exf4 40. Qf5
Qxf5 41. Nxf5 h5 42. Rc1 Bc3 43. Nxd6 Bxa5 44. Nxb7 Bb4 45. Rc6 Nd4 46. Rb6 a5
47. d6 Nf3+ 48. Kf1 Ne5 49. Rb5 Nf7 50. d7 Be7 51. Rxa5 Kg7 52. Ra8 1-0

[Event "Faxe Jubilaeums EMT 2014"]
[Site "Faxe"]
[Date "2014.04.30"]
[Round "5"]
[White "Christensen, Lars (1957)"]
[Black "Andersen, Bjarne Hjorth"]
[Result "1-0"]
[WhiteElo "2005"]
[BlackElo "1884"]
[PlyCount "75"]
[EventDate "2014.??.??"]

1. e4 c6 2. d4 d5 3. e5 Bf5 4. b4 a5 5. b5 Qb6 6. Nc3 a4 7. Ba3 e6 8. Bxf8 Kxf8
9. f4 Ne7 10. Rb1 c5 11. Nf3 Bg4 12. dxc5 Qxc5 13. Qd4 Nd7 14. Qxc5 Nxc5 15.
Nd4 Nf5 16. Nxf5 Bxf5 17. Kd2 d4 18. Nd1 Ke7 19. Bd3 Ne4+ 20. Ke2 Rhc8 21. Rb4
Nc3+ 22. Nxc3 Bxd3+ 23. cxd3 Rxc3 24. Rd1 Ra5 25. Rxd4 Rxb5 26. Rxa4 Rc2+ 27.
Rd2 Rc1 28. Rc4 Ra1 29. Rc7+ Ke8 30. Rdc2 Rd5 31. Rxb7 Rg1 32. Rc8+ Rd8 33.
Rxd8+ Kxd8 34. Kf2 Ra1 35. Rxf7 Rxa2+ 36. Kf3 Rd2 37. Rxg7 Rxd3+ 38. Kg4 1-0

[Event "Faxe Jubilaeums EMT 2014"]
[Site "Faxe"]
[Date "2014.04.30"]
[Round "5"]
[White "Krogh, Peter Ove"]
[Black "Lindskov, Villy"]
[Result "1/2-1/2"]
[WhiteElo "1783"]
[BlackElo "1814"]
[PlyCount "50"]
[EventDate "2014.??.??"]

1. c4 Nf6 2. Nc3 d6 3. d4 g6 4. e4 Bg7 5. Bd3 Nbd7 6. Nge2 e5 7. d5 Nc5 8. f3
a5 9. Be3 Nxd3+ 10. Qxd3 O-O 11. g4 Nd7 12. Ng3 h6 13. h4 Kh7 14. Qd2 Nc5 15.
h5 g5 16. Bxc5 dxc5 17. Nd1 Bf6 18. Ne3 Qd6 19. O-O Rd8 20. Qc2 b6 21. a4 Qf8
22. Ngf5 Bxf5 23. Nxf5 Be7 24. Nxe7 Qxe7 25. Rad1 Rd6 1/2-1/2

[Event "Faxe Jubilaeums EMT 2014"]
[Site "Faxe"]
[Date "2014.04.30"]
[Round "5"]
[White "Zachariassen, John"]
[Black "Christoffersen, Per"]
[Result "1-0"]
[WhiteElo "1860"]
[BlackElo "1588"]
[PlyCount "61"]
[EventDate "2014.??.??"]

1. c4 e6 2. Nf3 Nf6 3. g3 d5 4. Bg2 g6 5. O-O Bg7 6. Qc2 O-O 7. d3 c6 8. Bg5
Qb6 9. Nbd2 Nbd7 10. Rab1 h6 11. Bf4 Re8 12. Ne5 Nh5 13. Nxd7 Bxd7 14. c5 Qd8
15. Bd6 e5 16. e4 d4 17. f4 exf4 18. gxf4 Qc8 19. Nc4 f6 20. Qf2 Bh3 21. f5
Bxg2 22. Qxg2 g5 23. Qg4 Nf4 24. Bxf4 gxf4 25. Nd6 Qd7 26. Qg6 Re5 27. b4 Rae8
28. Rxf4 R8e7 29. Rg4 Kh8 30. Kh1 b6 31. Nc4 1-0

[Event "Faxe Jubilaeums EMT 2014"]
[Site "Faxe"]
[Date "2014.04.30"]
[Round "5"]
[White "Anghel, Mihai Ursta"]
[Black "Frederiksen, Uffe"]
[Result "1-0"]
[WhiteElo "1593"]
[BlackElo "1705"]
[PlyCount "69"]
[EventDate "2014.??.??"]

1. e4 c6 2. d4 d5 3. Nc3 dxe4 4. Nxe4 Bf5 5. Ng3 Bg6 6. h4 h6 7. Nf3 Nd7 8. h5
Bh7 9. Bd3 Bxd3 10. Qxd3 Ngf6 11. Bd2 e6 12. O-O-O Qc7 13. Rhe1 O-O-O 14. Bc3
Nd5 15. Ne5 Nxe5 16. dxe5 Be7 17. Ne4 Nf6 18. Nd6+ Bxd6 19. exd6 Qd7 20. Bxf6
gxf6 21. Qf3 f5 22. g4 fxg4 23. Qxg4 Rhg8 24. Qd4 b6 25. Qf6 Rg5 26. Qxh6 Rd5
27. Rxd5 cxd5 28. Qg7 Qe8 29. h6 Qh8 30. Rh1 Kd7 31. Qxf7+ Kxd6 32. Qxa7 Kc6
33. Qg7 Qxg7 34. hxg7 Rg8 35. Rg1 1-0

[Event "Faxe Jubilaeums EMT 2014"]
[Site "Faxe"]
[Date "2014.04.30"]
[Round "5"]
[White "Petersen, Bent"]
[Black "Eckert, Svend"]
[Result "1/2-1/2"]
[WhiteElo "1892"]
[BlackElo "1579"]
[PlyCount "122"]
[EventDate "2014.??.??"]

1. d4 Nf6 2. c4 e6 3. Nf3 Bb4+ 4. Nc3 O-O 5. Bd2 c5 6. e3 Bxc3 7. Bxc3 Ne4 8.
Qc2 Nxc3 9. bxc3 cxd4 10. cxd4 Qa5+ 11. Nd2 Nc6 12. Be2 b6 13. O-O Bb7 14. f4
Qa3 15. Nb3 Qe7 16. a3 Rac8 17. Qd2 d5 18. c5 f6 19. Bf3 Kh8 20. a4 Ba6 21.
Rfe1 Bc4 22. Rab1 Bxb3 23. Rxb3 bxc5 24. dxc5 Qxc5 25. Rc1 Qa5 26. Qxa5 Nxa5
27. Rxc8 Rxc8 28. Rb5 Nc4 29. Kf2 g6 30. Rb7 a5 31. Rb5 Rd8 32. Be2 Rc8 33. g4
f5 34. h3 h6 35. Bd3 Kg7 36. Ke2 Kf6 37. Bxc4 dxc4 38. Rxa5 c3 39. Kd1 c2+ 40.
Kc1 Rc3 41. Re5 g5 42. a5 gxf4 43. exf4 Rxh3 44. gxf5 exf5 45. Kxc2 Ra3 46. Kb2
Ra4 47. Kb3 Rxf4 48. a6 Rd4 49. Re8 Rd7 50. Kb4 f4 51. Kb5 h5 52. Kc6 Ra7 53.
Kb6 Rd7 54. Rc8 Rd3 55. Rc5 f3 56. a7 Rb3+ 57. Kc7 Ra3 58. Kb8 f2 59. Rc1 Rb3+
60. Kc7 Ra3 61. Kb8 Rb3+ 1/2-1/2

[Event "Faxe Jubilaeums EMT 2014"]
[Site "Faxe"]
[Date "2014.04.30"]
[Round "5"]
[White "Andersen, Hans E"]
[Black "Ambirk, Jan"]
[Result "0-1"]
[WhiteElo "1517"]
[BlackElo "1763"]
[PlyCount "40"]
[EventDate "2014.??.??"]

1. e4 Nf6 2. Nc3 d5 3. exd5 Nxd5 4. Nxd5 Qxd5 5. c4 Qa5 6. b3 Qe5+ 7. Be2 Qxa1
8. Qc2 Nc6 9. a3 Nd4 10. Qd1 Bf5 11. d3 Nxb3 12. Qxb3 Qxc1+ 13. Bd1 O-O-O 14.
Ne2 Qg5 15. O-O Bxd3 16. f4 Qc5+ 17. Kh1 Qxc4 18. Qb2 e6 19. Bb3 Qa6 20. Re1
Qxa3 0-1

[Event "Faxe Jubilaeums EMT 2014"]
[Site "Faxe"]
[Date "2014.05.05"]
[Round "5"]
[White "Hansen, Borge"]
[Black "Hansen, Aage"]
[Result "1/2-1/2"]
[WhiteElo "1490"]
[BlackElo "1618"]
[PlyCount "108"]
[EventDate "2014.??.??"]

1. d4 d5 2. c4 e5 3. e3 Bb4+ 4. Bd2 Bxd2+ 5. Qxd2 exd4 6. Qxd4 Nf6 7. Nc3 Nc6
8. Qd1 d4 9. exd4 Nxd4 10. Nge2 c5 11. Nxd4 cxd4 12. Ne2 Qa5+ 13. Qd2 Qxd2+ 14.
Kxd2 Ne4+ 15. Ke1 d3 16. Ng3 d2+ 17. Ke2 Bg4+ 18. f3 Nxg3+ 19. hxg3 Be6 20.
Kxd2 Rd8+ 21. Kc3 O-O 22. Be2 Bf5 23. Rad1 Rc8 24. b3 Rfe8 25. Rd2 Re3+ 26. Kb2
Rce8 27. Bd1 h6 28. Bc2 Bxc2 29. Kxc2 R3e6 30. g4 Ra6 31. Kb1 Rae6 32. Rhd1 Re2
33. Kc2 Kh7 34. Rxe2 Rxe2+ 35. Rd2 Re7 36. Kc3 Kg6 37. Kd3 Kg5 38. g3 Re1 39.
Rg2 Kf6 40. Kd4 Ke6 41. Kd3 Kd6 42. Kd4 b6 43. f4 Rd1+ 44. Kc3 Kc5 45. b4+ Kc6
46. Rd2 Rc1+ 47. Kb3 Rb1+ 48. Kc3 Rc1+ 49. Kd4 a6 50. a3 Rb1 51. Rd3 Rc1 52.
Rc3 Rd1+ 53. Rd3 Rc1 54. Rc3 Rd1+ 1/2-1/2

[Event "Faxe Jubilaeums EMT 2014"]
[Site "Faxe"]
[Date "2014.05.14"]
[Round "5"]
[White "Refsgaard, Kaj"]
[Black "Eriksen, Knud Ejler"]
[Result "1-0"]
[WhiteElo "1469"]
[BlackElo "1067"]
[PlyCount "124"]
[EventDate "2014.??.??"]

1. Nf3 Nf6 2. d3 h6 3. g3 d5 4. Nbd2 c6 5. c4 e6 6. Bg2 Bc5 7. O-O O-O 8. cxd5
exd5 9. Nb3 Bb6 10. Bd2 Bf5 11. Bc3 Nbd7 12. Nbd4 Bg6 13. Nh4 Bh7 14. Rc1 Re8
15. a4 a5 16. Bh3 Nf8 17. Bf5 Qe7 18. e3 Bxf5 19. Nhxf5 Qd8 20. Qf3 N8h7 21. h4
Qd7 22. Ne2 Bc7 23. Nxh6+ Kh8 24. Nf5 Be5 25. Nf4 Qxf5 26. h5 Ng5 27. Qg2 Bxf4
28. exf4 Nh3+ 29. Kh2 Qxh5 30. Qxh3 Ng4+ 31. Kg2 Qxh3+ 32. Kxh3 Nh6 33. Rce1 b6
34. Kg2 c5 35. Be5 Rac8 36. Rh1 f6 37. Bc3 d4 38. Bd2 Kg8 39. Kf3 Kf7 40. g4
Rxe1 41. Rxe1 g6 42. Rh1 Kg7 43. f5 g5 44. Re1 Nf7 45. Re4 Ne5+ 46. Ke2 Rh8 47.
Bxg5 Rh3 48. Bf4 Nxd3 49. Re7+ Kf8 50. Bd6 c4 51. Rh7+ Ke8 52. Rxh3 Nxb2 53. f4
Nxa4 54. g5 d3+ 55. Kd2 fxg5 56. fxg5 Nb2 57. g6 c3+ 58. Kxc3 Nd1+ 59. Kd2 Nf2
60. Rh8+ Kd7 61. g7 Ne4+ 62. Kxd3 Nf6 1-0

[Event "Faxe Jubilaeums EMT 2014"]
[Site "Faxe"]
[Date "2014.04.30"]
[Round "5"]
[White "Christoffersen, Ib"]
[Black "Wehlast, Svend Erik"]
[Result "0-1"]
[WhiteElo "1439"]
[BlackElo "1586"]
[PlyCount "156"]
[EventDate "2014.??.??"]

1. d4 d5 2. e3 Nf6 3. Nc3 Bf5 4. Nge2 h6 5. Ng3 Bg6 6. Be2 e6 7. O-O c5 8. Bb5+
Nc6 9. b3 a6 10. Bxc6+ bxc6 11. Ba3 Nd7 12. Nce2 Be7 13. Nf4 O-O 14. c3 cxd4
15. Bxe7 Qxe7 16. cxd4 c5 17. Nxg6 fxg6 18. Rc1 cxd4 19. exd4 Rfc8 20. Qg4 Qf6
21. Rce1 Nf8 22. Re3 Rc2 23. a4 Rac8 24. Ne2 Qf5 25. Qg3 g5 26. h3 Rd2 27. Re1
Qc2 28. Rc1 Rd1+ 29. Rxd1 Qxd1+ 30. Kh2 Rc2 31. Qe5 Qd2 32. Qb8 Qxe2 33. Rxe2
Rxe2 34. f3 Rd2 35. Qb6 Kf7 36. Qxa6 Ng6 37. Qc8 Nf4 38. Qc7+ Kg6 39. Qc1 Rxg2+
40. Kh1 Rg3 41. Qc2+ Kh5 42. Qf2 Rxh3+ 43. Kg1 Rh4 44. Qc2 Nh3+ 45. Kf1 Nf4 46.
Qc8 Rh1+ 47. Kf2 Kh4 48. Qd7 Rh2+ 49. Ke1 Re2+ 50. Kd1 Re3 51. Qxg7 h5 52. Kc2
Rxf3 53. a5 Rf2+ 54. Kc3 Ra2 55. Kb4 Nd3+ 56. Kc3 Nf4 57. b4 Ra3+ 58. Kb2 Rf3
59. a6 Nd3+ 60. Kb1 Nxb4 61. a7 Ra3 62. Kb2 Ra6 63. Qb7 Rxa7 64. Qxa7 Nd3+ 65.
Kc3 Nf4 66. Qa2 g4 67. Qf2+ Kg5 68. Kd2 h4 69. Qe3 g3 70. Qe5+ Kg4 71. Ke3 Ng2+
72. Ke2 Nf4+ 73. Kf1 g2+ 74. Kg1 Kf3 75. Qf6 h3 76. Qf7 Ke3 77. Qg7 Ne2+ 78.
Kh2 g1=Q+ 0-1

[Event "Faxe Jubilaeums EMT 2014"]
[Site "Faxe"]
[Date "2014.04.30"]
[Round "5"]
[White "Rasmussen, Frede"]
[Black "Adrian, Michael"]
[Result "1/2-1/2"]
[WhiteElo "1456"]
[BlackElo "1323"]
[PlyCount "70"]
[EventDate "2014.??.??"]

1. d4 d5 2. Bf4 e6 3. e3 c6 4. Bd3 f5 5. Nf3 Nf6 6. Ne5 Nbd7 7. Nd2 Nxe5 8.
Bxe5 Bd6 9. f4 O-O 10. Qf3 Bxe5 11. dxe5 Ne4 12. O-O-O a5 13. g4 a4 14. a3 b5
15. c3 Bd7 16. h4 c5 17. gxf5 exf5 18. Bxe4 dxe4 19. Qg3 Qe7 20. Qg5 Qf7 21.
Rhg1 Ra6 22. h5 Kh8 23. Rg2 Rb6 24. Rdg1 Rg8 25. Qh4 b4 26. Rg6 Rc6 27. Rxc6
Bxc6 28. Rg6 bxc3 29. Rxc6 cxd2+ 30. Kxd2 Qb7 31. Rd6 Qxb2+ 32. Ke1 Qc3+ 33.
Ke2 Qc2+ 34. Ke1 Qc3+ 35. Ke2 Qc2+ 1/2-1/2

[Event "Faxe Jubilaeums EMT 2014"]
[Site "Faxe"]
[Date "2014.04.30"]
[Round "5"]
[White "Larsen, Paul M"]
[Black "Nielsen, Flemming"]
[Result "1-0"]
[WhiteElo "1468"]
[BlackElo "1420"]
[PlyCount "65"]
[EventDate "2014.??.??"]

1. d4 Nf6 2. Nf3 e6 3. e3 c6 4. Bd3 b5 5. c3 d5 6. O-O Qc7 7. Nbd2 Bd6 8. Re1
Ng4 9. Ne5 Nxe5 10. dxe5 Bxe5 11. Nf3 Bf6 12. e4 dxe4 13. Bxe4 O-O 14. Be3 Rd8
15. Qc2 g6 16. Nd4 Be5 17. g3 Bb7 18. Qe2 Nd7 19. Qf3 Bxd4 20. Bxd4 e5 21. Be3
f5 22. Bxf5 gxf5 23. Qxf5 Nf8 24. Rad1 Rd7 25. Bc5 Rad8 26. Rxd7 Qxd7 27. Qg5+
Ng6 28. h4 Kh8 29. h5 Nf8 30. Rxe5 Ne6 31. Rxe6 Rg8 32. Qf6+ Rg7 33. Bd4 1-0

[Event "Faxe Jubilaeums EMT 2014"]
[Site "Faxe"]
[Date "2014.04.30"]
[Round "5"]
[White "Skotte, Niels Peder"]
[Black "Andersen, Hans Poul"]
[Result "0-1"]
[WhiteElo "1346"]
[BlackElo "1270"]
[PlyCount "84"]
[EventDate "2014.??.??"]

1. d4 d5 2. Nf3 e6 3. g3 Nc6 4. Bf4 Be7 5. Bg2 h6 6. Nbd2 Nf6 7. c3 O-O 8. O-O
a6 9. Re1 Nh7 10. e4 Bg5 11. Bxg5 Nxg5 12. Nxg5 Qxg5 13. exd5 exd5 14. Nf3 Qh5
15. h3 Bxh3 16. Bxh3 Qxh3 17. Nh2 Qd7 18. Re3 Rae8 19. Qd2 Rxe3 20. Qxe3 Re8
21. Qd2 Re6 22. Kg2 Qe7 23. Rf1 Na5 24. b3 Nc6 25. Nf3 Re2 26. Qd1 Qe3 27. a3
Rb2 28. Qa1 Qxc3 29. Qe1 Qxe1 30. Rxe1 Kf8 31. Re3 Na5 32. b4 Nc4 33. Rc3 c6
34. Ne5 Nxe5 35. dxe5 Re2 36. Re3 Rxe3 37. fxe3 Ke7 38. Kf3 Ke6 39. e4 Kxe5 40.
exd5 cxd5 41. Ke3 f5 42. Kd3 g5 0-1

[Event "Faxe Jubilaeums EMT 2014"]
[Site "Faxe"]
[Date "2014.04.30"]
[Round "5"]
[White "Jakobsen, Henning"]
[Black "Hansen, Arne Mandrup"]
[Result "0-1"]
[WhiteElo "1235"]
[BlackElo "1304"]
[PlyCount "92"]
[EventDate "2014.??.??"]

1. d4 Nf6 2. c4 e5 3. dxe5 Ng4 4. Nf3 Bc5 5. e3 Nc6 6. Nc3 O-O 7. Ne4 Bb4+ 8.
Bd2 Bxd2+ 9. Qxd2 Ncxe5 10. Nxe5 Nxe5 11. Be2 Re8 12. O-O Nxc4 13. Bxc4 Rxe4
14. Qd5 Re7 15. Rfd1 d6 16. Bb3 a5 17. Rd4 Ra7 18. Rf4 Be6 19. Qh5 Bxb3 20.
axb3 b6 21. Raa4 g6 22. Qh6 Qf8 23. Rh4 Qxh6 24. Rxh6 f5 25. Rhh4 c5 26. g4 Re4
27. gxf5 Rxh4 28. Rxh4 gxf5 29. Rh6 Rg7+ 30. Kf1 Rg6 31. Rh5 Rf6 32. Rg5+ Kf7
33. Rh5 h6 34. Rh4 Ke6 35. Ke2 Ke5 36. Kd3 d5 37. f3 b5 38. h3 Rg6 39. Rh5 Rf6
40. e4 c4+ 41. bxc4 bxc4+ 42. Kc3 dxe4 43. fxe4 Kxe4 44. Kxc4 f4 45. Rxa5 f3
46. b4 f2 0-1

[Event "Faxe Jubilaeums EMT 2014"]
[Site "Faxe"]
[Date "2014.05.07"]
[Round "6"]
[White "Christensen, Lars (1957)"]
[Black "Pedersen, Hans Dahl"]
[Result "0-1"]
[WhiteElo "2005"]
[BlackElo "2158"]
[PlyCount "98"]
[EventDate "2014.??.??"]

1. e4 c5 2. Nf3 e6 3. d4 cxd4 4. c3 Nf6 5. e5 Nd5 6. c4 Ne7 7. Qxd4 Nbc6 8. Qe4
Ng6 9. Bd2 Qc7 10. Bc3 b6 11. Bd3 Bb7 12. Qe3 Bc5 13. Qg5 Nb4 14. Bxg6 hxg6 15.
Qd2 Bxf3 16. gxf3 Nc6 17. b4 Bxb4 18. f4 Bc5 19. O-O Rh4 20. Kg2 Ne7 21. h3
Qc6+ 22. f3 Nf5 23. Qd3 Rxf4 24. Nd2 Ne3+ 25. Kg3 Nxf1+ 26. Kxf4 Be3+ 27. Kg4
Bxd2 28. Rxf1 Bxc3 29. Qxc3 Rc8 30. Rc1 Qc5 31. a4 a6 32. f4 b5 33. axb5 axb5
34. Qd3 bxc4 35. Qc3 Qf2 36. Rc2 Qg1+ 37. Kf3 Qh1+ 38. Kg3 Qg1+ 39. Kf3 Qf1+
40. Kg3 Rc6 41. Rf2 Qd3+ 42. Qxd3 cxd3 43. Rd2 Rc3 44. Kf3 Ke7 45. Ke3 f6 46.
Kd4 Ra3 47. Ke3 Kf7 48. Ke4 Ke7 49. Ke3 g5 0-1

[Event "Faxe Jubilaeums EMT 2014"]
[Site "Faxe"]
[Date "2014.05.14"]
[Round "6"]
[White "Jensen, Leif"]
[Black "Anghel, Mihai Ursta"]
[Result "1/2-1/2"]
[WhiteElo "1978"]
[BlackElo "1593"]
[PlyCount "60"]
[EventDate "2014.??.??"]

1. e4 d5 2. exd5 Qxd5 3. Qf3 Nf6 4. c3 Nc6 5. d4 e5 6. dxe5 Nxe5 7. Qxd5 Nxd5
8. Be2 Bf5 9. Nf3 Nd3+ 10. Bxd3 Bxd3 11. Be3 O-O-O 12. Ne5 Nxe3 13. fxe3 Bg6
14. Nxg6 hxg6 15. Nd2 Bc5 16. e4 Rhe8 17. O-O-O Be3 18. Rhe1 Rxe4 19. Kc2 Re6
20. Nc4 Rde8 21. Rd3 Bg5 22. Rxe6 Rxe6 23. Kd1 f5 24. b3 a6 25. h3 b5 26. Nb2
Re3 27. Rxe3 Bxe3 28. Nd3 g5 29. Ke2 f4 30. Ne5 Bc5 1/2-1/2

[Event "Faxe Jubilaeums EMT 2014"]
[Site "Faxe"]
[Date "2014.05.07"]
[Round "6"]
[White "Andersen, Bjarne Hjorth"]
[Black "Krogh, Peter Ove"]
[Result "0-1"]
[WhiteElo "1884"]
[BlackElo "1783"]
[PlyCount "72"]
[EventDate "2014.??.??"]

1. e4 c5 2. Nf3 a6 3. c4 Qc7 4. Nc3 e6 5. d4 cxd4 6. Nxd4 Nf6 7. Bd3 Nc6 8.
Nxc6 dxc6 9. Be3 e5 10. h3 Be6 11. Rc1 Rd8 12. Qe2 Nd7 13. O-O Bc5 14. Bg5 f6
15. Bh4 g5 16. Bg3 h5 17. a3 a5 18. Rfd1 h4 19. Bh2 g4 20. hxg4 Rg8 21. Kh1
Bxg4 22. f3 Be6 23. Nd5 Qb8 24. Ne3 Qa7 25. Bg1 Nf8 26. b4 axb4 27. axb4 Bd4
28. c5 Ng6 29. Bh2 Qa3 30. Nc4 Bxc4 31. Bxc4 Rg7 32. Qd2 h3 33. Bf1 Kf7 34.
Bc4+ Ke7 35. Qh6 hxg2+ 36. Kxg2 Nf4+ 0-1

[Event "Faxe Jubilaeums EMT 2014"]
[Site "Faxe"]
[Date "2014.05.07"]
[Round "6"]
[White "Ambirk, Jan"]
[Black "Zachariassen, John"]
[Result "0-1"]
[WhiteElo "1763"]
[BlackElo "1860"]
[PlyCount "78"]
[EventDate "2014.??.??"]

1. e4 g6 2. d4 Bg7 3. Bc4 Nc6 4. Nf3 d6 5. O-O Nf6 6. Re1 O-O 7. c3 d5 8. exd5
Nxd5 9. Bg5 Bg4 10. h3 Bf5 11. Nbd2 Nf6 12. Nh4 Bc8 13. Nhf3 Qd6 14. Bxf6 exf6
15. Ne4 Qd8 16. Nc5 Na5 17. Bd3 b6 18. Be4 Rb8 19. Nb3 Nc4 20. Qc2 Nd6 21. Bd3
Bb7 22. Nbd2 Rc8 23. Ne4 f5 24. Nxd6 Qxd6 25. Ne5 c5 26. dxc5 Rxc5 27. Nf3 Bxf3
28. gxf3 Qf4 29. Kg2 Be5 30. Rh1 Rd8 31. Rad1 Rcd5 32. Qe2 Qg5+ 33. Kf1 Bf4 34.
Rg1 Qf6 35. Kg2 Bb8 36. Bc4 Qg5+ 37. Kh1 Qf4 38. Rg3 Rxd1+ 39. Kg2 R1d2 0-1

[Event "Faxe Jubilaeums EMT 2014"]
[Site "Faxe"]
[Date "2014.05.07"]
[Round "6"]
[White "Lindskov, Villy"]
[Black "Stuhr, Finn"]
[Result "1/2-1/2"]
[WhiteElo "1814"]
[BlackElo "1568"]
[PlyCount "46"]
[EventDate "2014.??.??"]

1. e4 e5 2. Nf3 Nc6 3. Bc4 Bc5 4. c3 Nf6 5. d3 h6 6. h3 d6 7. O-O Bd7 8. Qe2
Na5 9. Bb3 Nxb3 10. axb3 a6 11. Be3 Ba7 12. Nfd2 Qe7 13. Bxa7 Rxa7 14. f4 exf4
15. Qf2 Ra8 16. Qxf4 O-O 17. Na3 Nh5 18. Qe3 Rad8 19. g4 Nf6 20. Qg3 Nh7 21.
Rae1 Qg5 22. Nf3 Qc5+ 23. Qf2 Qxf2+ 1/2-1/2

[Event "Faxe Jubilaeums EMT 2014"]
[Site "Faxe"]
[Date "2014.05.07"]
[Round "6"]
[White "Christoffersen, Per"]
[Black "Petersen, Bent"]
[Result "1-0"]
[WhiteElo "1588"]
[BlackElo "1892"]
[PlyCount "67"]
[EventDate "2014.??.??"]

1. d4 Nf6 2. Nf3 e6 3. e3 c5 4. c3 Nc6 5. Bd3 Be7 6. Nbd2 O-O 7. O-O d5 8. Re1
Qb6 9. Ne5 Nxe5 10. dxe5 Nd7 11. Nf3 Rd8 12. Qe2 Qc7 13. e4 Nxe5 14. Nxe5 Qxe5
15. f4 Qc7 16. e5 b6 17. Qh5 g6 18. Qg4 c4 19. Bc2 Bc5+ 20. Kh1 d4 21. cxd4
Bxd4 22. Qh4 Bb7 23. Qf6 Bc5 24. Qh4 b5 25. f5 exf5 26. Bg5 Re8 27. Bf6 Qc6 28.
Re2 Qe6 29. Rf1 Be4 30. Bxe4 fxe4 31. Rf4 Bf8 32. Rd2 e3 33. Rd6 Bxd6 34. Qxh7+
1-0